| 000 | 00642nam a2200205 a 4500 | ||
|---|---|---|---|
| 001 | 20677 | ||
| 003 | CO-ViMGA | ||
| 008 | 141112s2004 ck r 000 u spa d | ||
| 020 | _a9580219540 | ||
| 040 |
_aCO-ViMGA _bspa _cCO-ViMGA |
||
| 082 | _a330 S17d - 2 | ||
| 100 | 1 |
_aRiveros Vera, Axel _95699 |
|
| 245 | 1 | 0 |
_aDesarrollo II : _beconomía y política |
| 260 |
_aBogotá : _bVoluntad, _c2004 |
||
| 300 | _a176p | ||
| 590 | _aForma de adquisición : Compra fact.0546 - - Precio : 42500 - - Proveedor : Temas y libros - - Fecha de adquisición : Abril 2006 | ||
| 650 | 1 | 4 |
_aCOMERCIO EXTERIOR _95700 |
| 650 | 1 | 4 | _aECONOMÍA |
| 942 |
_2ddc _cBK |
||
| 999 |
_c10949 _d10949 |
||